Statistics for Asian general knowledge #2

Click here to take the quiz!

General Stats

  • This quiz has been taken 19 times
    (17 since last reset)
  • The average score is 6 of 10

Answer Stats

QuestionAnswer% Correct
What is the largest country in AsiaChina
92%
Which Asian city is biggestTokyo-Japan
77%
What is the poorest country in AsiaYemen
77%
Which Asian country drinks the most alcoholSouth korea
69%
What is the least safest country in AsiaMyanmar
62%
What is the richest country in AsiaSingapore
62%
What is Tokyo's population (2021)13.96 million
38%
Which Asian countries was backgammon invented inKuwait, Iraq
38%
How many countries in Asia51
31%
How many Asian island nations are there9
31%

Score Distribution

Percentile by Number Answered

Percent of People with Each Score

Your Score History

You have not taken this quiz since the last reset